Foundation Design Manual (Record no. 546366)

000 -LEADER
fixed length control field 00375nam a22001337a 4500
082 ## - DEWEY DECIMAL CLASSIFICATION NUMBER
Classification number 624.15
Author Mark nay
-- L-38, P-92
100 ## - MAIN ENTRY--PERSONAL NAME
Personal name Nayak, Narayan V
9 (RLIN) 42484
245 ## - TITLE STATEMENT
Title Foundation Design Manual
Statement of responsibility, etc. Nayak, Narayan V
260 ## - PUBLICATION, DISTRIBUTION, ETC.
Place of publication, distribution, etc. New Delhhi
Name of publisher, distributor, etc. Dhanpat Rai
300 ## - PHYSICAL DESCRIPTION
Extent iv, p s-1.5
Other physical details ill
Dimensions 20 cm
526 ## - STUDY PROGRAM INFORMATION NOTE
Program name 0
Interest level 0
Reading level 0
Title point value 624_150000000000000_NAY
650 ## - SUBJECT ADDED ENTRY--TOPICAL TERM
Topical term or geographic name entry element MCE
9 (RLIN) 379
942 ## - ADDED ENTRY ELEMENTS (KOHA)
Source of classification or shelving scheme
Koha item type Book
Holdings
Withdrawn status Lost status Source of classification or shelving scheme Damaged status Not for loan Permanent Location Current Location Date acquired Total Checkouts Total Renewals Full call number Barcode Date last seen Date last checked out Price effective from Koha item type
          Military College of Engineering (MCE) Military College of Engineering (MCE) 06/10/2014 1 1 624.15 nay MCE-39282 01/11/2017 10/26/2016 06/10/2014 Book
© 2023 Central Library, National University of Sciences and Technology. All Rights Reserved.